| 000 | 00997nam a2200241Ia 4500 | ||
|---|---|---|---|
| 003 | Ost | ||
| 005 | 20260507075649.0 | ||
| 008 | 260507s9999||||xx |||||||||||||| ||und|| | ||
| 020 | _a2057329957 | ||
| 040 | _cfsecg | ||
| 041 | _aara | ||
| 082 | _a657.835 | ||
| 100 |
_aالحجاوي، حسام أبو علي _eمؤلف |
||
| 245 | 0 |
_aالأصول العلمية والعملية في المحاسبة الحكومية / _c حسام أبو علي الحجاوي |
|
| 260 |
_aعمان: _bدار الحامد للنشر, _c2004 |
||
| 300 |
_a271 صفحة؛ _bإيضاحات ؛ _c24 سم |
||
| 504 | _aالمراجع ص.371 | ||
| 520 | _aالمفاهيم الأساسية للمحاسبة الحكومية- النظام المحاسبي الحكومي- الموازنة العامة- الرقابة المالية. | ||
| 653 | _aالمحاسبة التحليلية | ||
| 653 | _aالمحاسبة العامة | ||
| 653 | _aتدقيق الحسابات الحكومية | ||
| 942 | _cكتاب | ||
| 999 |
_c45557 _d45557 |
||